| 000 | 00341nam a2200133Ia 4500 | ||
|---|---|---|---|
| 005 | 20260328101447.0 | ||
| 008 | 260328s9999||||xx |||||||||||||| ||und|| | ||
| 100 | _aCuito Ricart, Aurora | ||
| 245 | 0 |
_aAntoni Gaudà : _b Complete Works / _cAurora Cuito Ricart |
|
| 260 | _bEvergreen | ||
| 300 | _a791 p. | ||
| 650 | _aARQUITECTOS | ||
| 942 | _cBK | ||
| 999 |
_c8507 _d8507 |
||